000 00282nam a2200121Ia 4500
005 20251222154333.0
008 251222s9999||||xx |||||||||||||| ||spa||
020 _a84-01-80076-5
082 _a858.9/S66P
100 _a"Soldati, Mario"
245 0 _aEl paseo de gracia
942 _cLIB
999 _c34234
_d34234